00564 2200169 4500001002100000008004100021035002000062245010200082100001500184260005000199300003300249020002200282084001700304082001100321650004900332990001300381INLIS000000000000254 ind  a0010-0120000254 aPemahaman Al-Qur'an dan Hadist 2buntuk Kelas VIII Madrasah TsanawiyahcT. Ibrahim dan H. Darsono aIbrahim, T aSolo :bTiga Serangkai Pustaka Mandiri,c2013 axii, 116 hlm.c17,6 x 25 cm. a978-602-257-018-9 a297.12 IBR p a297.12 aAl-Qur'an dan Hadist -- Studi dan Pengajaran a21900254